[Event "Taujenai-ch rapid"]
[Site "Taujenai"]
[Date "2023.10.29"]
[Round "9"]
[White "Andrijauskas, Domas"]
[Black "Maziukas, Kasparas"]
[Result "0-1"]
[WhiteElo "1573"]
[BlackElo "1940"]
[PlyCount "48"]
[EventDate "2023.10.28"]
[EventType "swiss (rapid)"]
[EventRounds "10"]
[EventCountry "LTU"]
[SourceTitle "Mega2024 Update 01"]
[Source "Chessbase"]
[SourceDate "2023.11.12"]
[SourceVersion "1"]
[SourceVersionDate "2023.11.12"]
[SourceQuality "1"]

1. c4 Nf6 2. Nc3 e5 3. g3 Bb4 4. Bg2 0-0 5. e3 Bxc3 6. bxc3 e4 7. f3 exf3 8. Nxf3 d6 9. 0-0 c5 10. d3 Nc6 11. e4 Ng4 12. Bf4 Nge5 13. Qc2 Bd7 14. Rfd1 Qc8 15. Nxe5 dxe5 16. Be3 b6 17. d4 cxd4 18. cxd4 exd4 19. Bxd4 Nxd4 20. Rxd4 Qc5 21. Rad1 Ba4 22. Qxa4 Rad8 23. Kh1 Rxd4 24. Rxd4 Qxd4 0-1

[Event "Taujenai-ch rapid"]
[Site "Taujenai"]
[Date "2023.10.28"]
[Round "1"]
[White "Maziukas, Kasparas"]
[Black "Ziura, Arvydas"]
[Result "1-0"]
[WhiteElo "1940"]
[BlackElo "1417"]
[PlyCount "117"]
[EventDate "2023.10.28"]
[EventType "swiss (rapid)"]
[EventRounds "10"]
[EventCountry "LTU"]
[SourceTitle "Mega2024 Update 01"]
[Source "Chessbase"]
[SourceDate "2023.11.12"]
[SourceVersion "1"]
[SourceVersionDate "2023.11.12"]
[SourceQuality "1"]

1. d4 d5 2. c4 e6 3. Nc3 Nf6 4. cxd5 exd5 5. Bg5 Nbd7 6. e3 Bb4 7. Bd3 c6 8. Qc2 Qa5 9. Nge2 h6 10. Bh4 Bd6 11. 0-0 Qc7 12. Bg3 Nb6 13. Nb5 cxb5 14. Qxc7 Bxc7 15. Bxc7 Bd7 16. Rfc1 Nc4 17. Rc2 Rc8 18. Bg3 0-0 19. Rac1 Ne4 20. b3 Ncd6 21. Nf4 Bc6 22. f3 Nxg3 23. hxg3 a6 24. Kf2 Rfe8 25. Rc5 g5 26. Nh5 Re6 27. g4 Rce8 28. Re1 R8e7 29. Rc2 Ne8 30. Bf5 Rd6 31. Ng3 Ng7 32. Rh1 b4 33. Rcc1 Rf6 34. Bd3 Re8 35. Rh2 Bd7 36. Rch1 Bxg4 37. Rxh6 Rxh6 38. Rxh6 Be6 39. Rh1 Rc8 40. Ke2 g4 41. Kd2 gxf3 42. gxf3 a5 43. e4 dxe4 44. fxe4 Rd8 45. Ke3 Rc8 46. Kd2 Rd8 47. d5 Bd7 48. Rc1 Kf8 49. Ke3 Rc8 50. Rxc8+ Bxc8 51. Kd4 Ke7 52. e5 b6 53. Bc4 Kd7 54. Bb5+ Ke7 55. Ne4 Nf5+ 56. Kd3 Ng7 57. Ng5 f6 58. d6+ Kd8 59. Nf7# 1-0

[Event "Panevezys op"]
[Site "Panevezys"]
[Date "2023.08.20"]
[Round "7"]
[White "Maziukas, Kasparas"]
[Black "Misiuk, Martynas"]
[Result "1-0"]
[WhiteElo "1939"]
[BlackElo "1778"]
[PlyCount "65"]
[EventDate "2023.08.18"]
[EventType "swiss"]
[EventRounds "7"]
[EventCountry "LTU"]
[SourceTitle "EXT 2024"]
[Source "ChessBase"]
[SourceDate "2023.10.10"]
[SourceVersion "1"]
[SourceVersionDate "2023.10.10"]
[SourceQuality "1"]

1. Nf3 Nf6 2. b3 g6 3. Bb2 Bg7 4. g3 0-0 5. Bg2 d5 6. 0-0 c5 7. e3 Nc6 8. Ne5 Nxe5 9. Bxe5 b6 10. c4 e6 11. cxd5 exd5 12. d4 Bb7 13. dxc5 bxc5 14. Bb2 Qc7 15. Nc3 Rfd8 16. Na4 Ba6 17. Re1 c4 18. Rc1 Rac8 19. Bd4 Qd6 20. Qd2 Ne4 21. Qb2 c3 22. Nxc3 Nxc3 23. Rxc3 Bxd4 24. exd4 Rxc3 25. Qxc3 Rc8 26. Qd2 Qc6 27. h4 Qc2 28. Re8+ Kg7 29. Qxc2 Rxc2 30. Bxd5 Rc1+ 31. Kg2 Rd1 32. Re7 Kf6 33. Rxf7# 1-0

[Event "Panevezys op"]
[Site "Panevezys"]
[Date "2023.08.18"]
[Round "1"]
[White "Blazys, Titas"]
[Black "Maziukas, Kasparas"]
[Result "0-1"]
[WhiteElo "1325"]
[BlackElo "1939"]
[PlyCount "78"]
[EventDate "2023.08.18"]
[EventType "swiss"]
[EventRounds "7"]
[EventCountry "LTU"]
[SourceTitle "EXT 2024"]
[Source "ChessBase"]
[SourceDate "2023.10.10"]
[SourceVersion "1"]
[SourceVersionDate "2023.10.10"]
[SourceQuality "1"]

1. e4 c5 2. d4 cxd4 3. c3 Nf6 4. e5 Nd5 5. cxd4 d6 6. Bc4 Nb6 7. Bb5+ Bd7 8. Bxd7+ Qxd7 9. exd6 Qxd6 10. Nf3 Nc6 11. Nc3 Rd8 12. Be3 e6 13. 0-0 Be7 14. Rc1 0-0 15. Nb5 Qd7 16. Bf4 Nd5 17. Bg3 a6 18. Nc3 Nxc3 19. Rxc3 Bf6 20. Rd3 Nb4 21. Rb3 Nd5 22. Ne5 Qe7 23. Ng4 Rd7 24. Nxf6+ Qxf6 25. Be5 Qe7 26. Rh3 f6 27. Bg3 Rfd8 28. Qd3 g6 29. Re1 Nb4 30. Qb3 Rxd4 31. Rh4 Rxh4 32. Bxh4 Nd5 33. h3 Kf7 34. Qf3 Rc8 35. g4 Rc4 36. Qd3 Qc5 37. Qe2 Qc6 38. b3 Nf4 39. Qxc4 Qg2# 0-1

[Event "LTU-ch U18 Rapid"]
[Site "Vilnius"]
[Date "2021.09.19"]
[Round "5"]
[White "Maziukas, Kasparas"]
[Black "Juksta, Karolis"]
[Result "1/2-1/2"]
[WhiteElo "2011"]
[BlackElo "2152"]
[PlyCount "67"]
[EventDate "2021.09.18"]
[EventType "swiss (rapid)"]
[EventRounds "7"]
[EventCountry "LTU"]
[SourceTitle "EXT 2023"]
[Source "ChessBase"]
[SourceDate "2022.10.05"]
[SourceVersion "1"]
[SourceVersionDate "2022.10.05"]
[SourceQuality "1"]

1. d4 e6 2. c4 f5 3. Nf3 Nf6 4. g3 d5 5. Bg2 Bd6 6. 0-0 0-0 7. b3 b6 8. Ba3 Bb7 9. Ne5 Qe7 10. Bxd6 cxd6 11. Nd3 dxc4 12. Bxb7 Qxb7 13. bxc4 Nc6 14. e3 e5 15. dxe5 Nxe5 16. Nxe5 dxe5 17. Qb3 Ne4 18. f3 Nc5 19. Qb2 e4 20. Nc3 exf3 21. Nd5 f2+ 22. Qxf2 Ne4 23. Qb2 Rac8 24. Qd4 Kh8 25. Rf4 Ng5 26. Rff1 Qa6 27. Rac1 Qxa2 28. Ne7 Rce8 29. Nxf5 Rf7 30. Nd6 Nh3+ 31. Kh1 Nf2+ 32. Kg1 Nh3+ 33. Kh1 Nf2+ 34. Kg1 1/2-1/2

[Event "LTU-chT"]
[Site "Lithuania"]
[Date "2021.05.14"]
[Round "5.4"]
[White "Maziukas, Kasparas"]
[Black "Klimciauskas, Domantas"]
[Result "1/2-1/2"]
[WhiteElo "1870"]
[BlackElo "2175"]
[PlyCount "118"]
[EventDate "2021.05.07"]
[EventType "team-swiss"]
[EventRounds "7"]
[EventCountry "LTU"]
[SourceTitle "CBM 202 Extra"]
[Source "ChessBase"]
[SourceDate "2021.07.31"]
[SourceVersion "1"]
[SourceVersionDate "2021.07.31"]
[SourceQuality "1"]
[WhiteTeam "Vilnius Tauras"]
[BlackTeam "Kaunas Gambiteriai"]
[WhiteTeamCountry "LTU"]
[BlackTeamCountry "LTU"]

1. d4 g6 2. c4 Bg7 3. Nc3 d6 4. e4 e5 5. dxe5 dxe5 6. Qxd8+ Kxd8 7. Bg5+ f6 8. 0-0-0+ Bd7 9. Be3 Kc8 10. Nf3 Be6 11. Nd2 Nd7 12. c5 Bh6 13. c6 bxc6 14. Ba6+ Kb8 15. Bxh6 Nxh6 16. Nb3 Bxb3 17. Rxd7 Be6 18. Re7 Bc8 19. Bxc8 Kxc8 20. Rd1 Rd8 21. Rxd8+ Kxd8 22. Rxh7 Ng8 23. Na4 Rc8 24. Nc5 Ke8 25. Ne6 Ne7 26. Rh8+ Kf7 27. Rxc8 Nxc8 28. Nd8+ Ke7 29. Nxc6+ Kd6 30. Nb4 Kc5 31. Nd5 f5 32. Nxc7 fxe4 33. Kd2 Nd6 34. Ke3 Kc6 35. Ne6 Kd5 36. Nf8 g5 37. Nh7 Nf5+ 38. Ke2 Nh4 39. Kf1 Kd4 40. Nxg5 Kd3 41. g3 Nf5 42. Nf7 Kc2 43. Nxe5 Kxb2 44. h4 Kxa2 45. Nc6 Kb3 46. Nxa7 Kc3 47. h5 Kd2 48. Kg2 e3 49. fxe3 Kxe3 50. Kh3 Kf3 51. g4 Nh6 52. g5 Nf7 53. Kh4 Kf4 54. h6 Nxg5 55. Kh5 Nf7 56. h7 Kf5 57. Nc8 Kf6 58. Nd6 Kg7 59. Nxf7 Kxh7 1/2-1/2

[Event "LTU-chT"]
[Site "Lithuania"]
[Date "2020.01.25"]
[Round "1.2"]
[White "Maziukas, Kasparas"]
[Black "Steponavicius, Stasys"]
[Result "0-1"]
[WhiteElo "1938"]
[BlackElo "2177"]
[PlyCount "76"]
[EventDate "2020.01.25"]
[EventType "team-swiss"]
[EventRounds "7"]
[EventCountry "LTU"]
[SourceTitle "CBM 195 Extra"]
[Source "ChessBase"]
[SourceDate "2020.05.31"]
[SourceVersion "1"]
[SourceVersionDate "2020.05.31"]
[SourceQuality "1"]
[WhiteTeam "Vilnius Tauras"]
[BlackTeam "Kaunas Margiris"]
[WhiteTeamCountry "LTU"]
[BlackTeamCountry "LTU"]

1. d4 Nf6 2. c4 e6 3. Nc3 Bb4 4. Qc2 d5 5. cxd5 exd5 6. Bg5 c5 7. e3 0-0 8. a3 Bxc3+ 9. Qxc3 c4 10. Nf3 Bf5 11. Be2 Nc6 12. Ne5 Qd6 13. Bxf6 Qxf6 14. Bf3 Qd6 15. 0-0 Rfe8 16. Nxc6 Qxc6 17. Rfc1 b5 18. Qa5 a6 19. Rc3 Rab8 20. a4 Qd6 21. b4 g5 22. Bd1 Bc8 23. Rb1 Re6 24. axb5 Rxb5 25. Qa3 Rh6 26. g3 a5 27. Qa4 Bd7 28. Ra1 axb4 29. Rcc1 b3 30. Rab1 Rb8 31. Qa7 Bf5 32. Rb2 Be4 33. f3 Bd3 34. Rc3 Re8 35. Rxd3 cxd3 36. Rxb3 Rxe3 37. Qa5 Qe6 38. Qd8+ Kg7 0-1

[Event "Jonava Banaitis Memorial"]
[Site "Jonava"]
[Date "2020.01.19"]
[Round "8.10"]
[White "Bieliauskas, Marius"]
[Black "Maziukas, Kasparas"]
[Result "1-0"]
[WhiteElo "2113"]
[BlackElo "1966"]
[PlyCount "27"]
[EventDate "2020.01.19"]
[EventType "swiss (rapid)"]
[EventRounds "9"]
[EventCountry "LTU"]
[SourceTitle "EXT 2023"]
[Source "ChessBase"]
[SourceDate "2022.10.05"]
[SourceVersion "1"]
[SourceVersionDate "2022.10.05"]
[SourceQuality "1"]

1. d4 d5 2. c4 e6 3. Nf3 a6 4. e3 dxc4 5. Bxc4 b5 6. Be2 Nf6 7. 0-0 Be7 8. Ne5 Bb7 9. Bf3 Qc8 10. b3 0-0 11. Bb2 c5 12. dxc5 Bxc5 13. Nc3 Rd8 14. Bxb7 1-0

[Event "LTU-chT"]
[Site "Lithuania"]
[Date "2019.04.27"]
[Round "6.3"]
[White "Mickevicius, Juras"]
[Black "Maziukas, Kasparas"]
[Result "1-0"]
[WhiteElo "2273"]
[BlackElo "1951"]
[PlyCount "73"]
[EventDate "2019.01.26"]
[EventType "team-swiss"]
[EventRounds "7"]
[EventCountry "LTU"]
[SourceTitle "CBM 190 Extra"]
[Source "ChessBase"]
[SourceDate "2019.07.15"]
[SourceVersion "1"]
[SourceVersionDate "2019.07.15"]
[SourceQuality "1"]
[WhiteTeam "Vilnius Chess United"]
[BlackTeam "Vilnius Tauras"]
[WhiteTeamCountry "LTU"]
[BlackTeamCountry "LTU"]

1. d4 Nf6 2. c4 g6 3. g3 Bg7 4. Bg2 0-0 5. Nf3 d6 6. Nc3 Nc6 7. 0-0 e5 8. d5 Nb8 9. e4 a5 10. Ne1 Na6 11. Nd3 Nd7 12. Be3 f5 13. a3 Nf6 14. f3 Bd7 15. b4 f4 16. Bf2 fxg3 17. hxg3 Nh5 18. c5 g5 19. Rc1 axb4 20. axb4 Qe7 21. c6 bxc6 22. dxc6 Be6 23. b5 Nc5 24. Nxc5 dxc5 25. Nd5 Qf7 26. Rxc5 Ra2 27. Qb3 Rxf2 28. Kxf2 g4 29. Rc3 Bxd5 30. Qxd5 Qxd5 31. exd5 e4 32. Rc4 gxf3 33. Bh3 Nxg3 34. Kxg3 Be5+ 35. Kf2 Rf4 36. Rg1+ Kf8 37. Rg4 1-0

[Event "LTU-ch"]
[Site "Vilnius"]
[Date "2019.03.21"]
[Round "9"]
[White "Sarauskas, Andrius"]
[Black "Maziukas, Kasparas"]
[Result "1/2-1/2"]
[WhiteElo "1703"]
[BlackElo "1931"]
[PlyCount "130"]
[EventDate "2019.03.15"]
[EventType "swiss"]
[EventRounds "9"]
[EventCountry "LTU"]
[SourceTitle "EXT 2020"]
[Source "ChessBase"]
[SourceDate "2019.10.17"]
[SourceVersion "1"]
[SourceVersionDate "2019.10.17"]
[SourceQuality "1"]

1. Nf3 Nf6 2. g3 g6 3. c4 Bg7 4. Bg2 0-0 5. 0-0 d6 6. Nc3 e5 7. d3 Nc6 8. Bg5 h6 9. Bxf6 Bxf6 10. Rb1 Ne7 11. Nd2 Be6 12. b4 Rb8 13. b5 Bg7 14. Qa4 Nc8 15. Nd5 f5 16. Qc2 Ne7 17. Qa4 Nc8 18. Qc2 Nb6 19. Nb3 Qd7 20. Nb4 Qf7 21. a4 Nc8 22. a5 Ne7 23. a6 b6 24. Nd2 g5 25. Rbc1 g4 26. Nd5 Rbc8 27. Nxe7+ Qxe7 28. e3 h5 29. Rfe1 Qf7 30. Nb1 Rce8 31. Nc3 Kh7 32. Nd5 Bh6 33. Rcd1 Kh8 34. Qb2 Bg7 35. Qd2 h4 36. Nb4 Bd7 37. Rc1 f4 38. exf4 exf4 39. Rxe8 Bxe8 40. Qxf4 Qxf4 41. gxf4 Rxf4 42. Nd5 Rf7 43. Re1 Bd7 44. Re7 Rxe7 45. Nxe7 Bf6 46. Nd5 Bd8 47. Ne3 Kg7 48. Be4 Kf6 49. Kg2 Ke5 50. f3 gxf3+ 51. Kxf3 Kd4 52. Ng2 Be6 53. Nf4 Bd7 54. Ne2+ Kc5 55. Bd5 Bf6 56. Ke4 Kb4 57. Nf4 Be5 58. Kf3 Bf5 59. Be6 Bxf4 60. Bxf5 Bxh2 61. Kg2 Bg3 62. Be4 Kc3 63. Kh3 Kd4 64. Kg2 d5 65. Bxd5 Kxd3 1/2-1/2

[Event "LTU-ch"]
[Site "Vilnius"]
[Date "2019.03.17"]
[Round "4"]
[White "Zilakauskis, Steponas"]
[Black "Maziukas, Kasparas"]
[Result "1-0"]
[WhiteElo "1679"]
[BlackElo "1931"]
[PlyCount "151"]
[EventDate "2019.03.15"]
[EventType "swiss"]
[EventRounds "9"]
[EventCountry "LTU"]
[SourceTitle "EXT 2020"]
[Source "ChessBase"]
[SourceDate "2019.10.17"]
[SourceVersion "1"]
[SourceVersionDate "2019.10.17"]
[SourceQuality "1"]

1. d4 Nf6 2. Bg5 Ne4 3. Bf4 c5 4. e3 Qb6 5. b3 Nc6 6. c3 cxd4 7. exd4 d5 8. Bd3 e5 9. Bxe4 dxe4 10. dxe5 Bc5 11. Bg3 Bf5 12. Nd2 Rd8 13. Qe2 e3 14. Nc4 exf2+ 15. Bxf2 Bxf2+ 16. Qxf2 Qxf2+ 17. Kxf2 Be6 18. Nf3 Bxc4 19. bxc4 Rd3 20. Rac1 Ke7 21. Rhd1 Rhd8 22. Rxd3 Rxd3 23. Ke2 Rd7 24. Ke3 h6 25. Ke4 Na5 26. c5 a6 27. Nd4 g6 28. Re1 Rc7 29. Kd5 Nc6 30. e6 f6 31. Rb1 Ne5 32. Ke4 Ng4 33. Kf4 f5 34. Nf3 Kf6 35. h3 g5+ 36. Kg3 Ne3 37. Kf2 Nd5 38. Nd4 Nxc3 39. Rb6 Ne4+ 40. Ke3 Re7 41. g4 Nxc5 42. gxf5 Ke5 43. Rb1 Na4 44. Rb3 h5 45. a3 g4 46. hxg4 hxg4 47. Rb1 Nc3 48. Re1 Nd5+ 49. Kd3+ Kf6 50. Ke4 Nc3+ 51. Kf4 Rg7 52. Rh1 Nd5+ 53. Ke4 Ne7 54. Kf4 Ng8 55. Ne2 Ke7 56. Ke5 g3 57. Rg1 Nf6 58. Rxg3 Rxg3 59. Nxg3 b5 60. Ne4 Ng4+ 61. Kf4 Nh6 62. Kg5 Ng8 63. Kg6 a5 64. Nc3 b4 65. axb4 axb4 66. Nd5+ Kd6 67. Nxb4 Ne7+ 68. Kf6 Ng8+ 69. Kg5 Ne7 70. Nd3 Nc6 71. Kf6 Ne7 72. Nf4 Ng8+ 73. Kg7 Ne7 74. f6 Nf5+ 75. Kg6 Nd4 76. e7 1-0

[Event "Vilnius Zavanelli Memorial op-B"]
[Site "Vilnius"]
[Date "2018.10.27"]
[Round "4"]
[White "Grigaliunas, Sigitas"]
[Black "Maziukas, Kasparas"]
[Result "0-1"]
[WhiteElo "2101"]
[BlackElo "1891"]
[PlyCount "78"]
[EventDate "2018.10.25"]
[EventType "swiss"]
[EventRounds "7"]
[EventCountry "LTU"]
[SourceTitle "CBM 187 Extra"]
[Source "ChessBase"]
[SourceDate "2018.11.04"]
[SourceVersion "1"]
[SourceVersionDate "2018.11.04"]
[SourceQuality "1"]

1. e4 e6 2. d4 d5 3. Nc3 Bb4 4. e5 Ne7 5. Nf3 c5 6. a3 Bxc3+ 7. bxc3 Qa5 8. Bd2 c4 9. g3 Nbc6 10. Bh3 Bd7 11. 0-0 0-0-0 12. a4 Qc7 13. Bc1 f6 14. Ba3 f5 15. a5 Be8 16. Qb1 h6 17. Bg2 Ng6 18. h4 Qf7 19. Bh3 Rg8 20. Kh2 Nf8 21. Qc1 Nh7 22. Rh1 g5 23. Bg2 gxh4 24. Nxh4 Ng5 25. Kg1 Ne7 26. a6 b6 27. Bd6 Ng6 28. Rb1 Qg7 29. Rb4 Nxh4 30. Rxh4 h5 31. Qb1 Qd7 32. Rxb6 axb6 33. Qxb6 Qc6 34. Qb8+ Kd7 35. a7 Rc8 36. Bc5 Bf7 37. Qb6 Rc7 38. Rh1 f4 39. f3 fxg3 0-1

[Event "Vilnius School Rating"]
[Site "Vilnius"]
[Date "2017.06.04"]
[Round "4.4"]
[White "Maziukas, Kasparas"]
[Black "Shalabayev, Syrym"]
[Result "1-0"]
[WhiteElo "1723"]
[BlackElo "1833"]
[PlyCount "91"]
[EventDate "2017.06.02"]
[EventType "swiss"]
[EventRounds "5"]
[EventCountry "LTU"]
[SourceTitle "EXT 2024"]
[Source "ChessBase"]
[SourceDate "2023.10.10"]
[SourceVersion "1"]
[SourceVersionDate "2023.10.10"]
[SourceQuality "1"]

1. d4 Nf6 2. c4 d6 3. Nc3 Nc6 4. e4 e5 5. d5 Ne7 6. h3 Ng6 7. Be3 Be7 8. Qd2 b6 9. Bd3 0-0 10. Nf3 Nh5 11. g4 Nhf4 12. Bf1 Bd7 13. Ne2 Nxe2 14. Bxe2 Qc8 15. b4 c5 16. b5 a6 17. a4 Ra7 18. Qc2 axb5 19. cxb5 Qb7 20. Bd2 Rfa8 21. Bc4 Qc8 22. Rg1 h6 23. Ra3 Qd8 24. Kd1 Nh4 25. Nxh4 Bxh4 26. f4 exf4 27. Bxf4 Qf6 28. Rf1 Qd4+ 29. Rd3 Qa1+ 30. Ke2 Qxa4 31. Rb3 h5 32. Bxd6 hxg4 33. hxg4 Bxg4+ 34. Kd2 Re8 35. Bf4 Bf6 36. d6 Qa5+ 37. Kd3 Bh5 38. Qg2 Rd7 39. Rg1 Bg6 40. Qxg6 Qa8 41. Rh1 Qxe4+ 42. Qxe4 Rxe4 43. Kxe4 Bd4 44. Rbh3 g6 45. Ra3 Kg7 46. Be5+ 1-0

[Event "LTU-ch U14"]
[Site "Kaunas"]
[Date "2017.04.09"]
[Round "7"]
[White "Maziukas, Kasparas"]
[Black "Jablokov, Dmitrij"]
[Result "1/2-1/2"]
[WhiteElo "1681"]
[BlackElo "1840"]
[PlyCount "81"]
[EventDate "2017.04.05"]
[EventType "swiss"]
[EventRounds "8"]
[EventCountry "LTU"]
[SourceTitle "CBM 177 Extra"]
[Source "ChessBase"]
[SourceDate "2017.04.27"]
[SourceVersion "1"]
[SourceVersionDate "2017.04.27"]
[SourceQuality "1"]

1. d4 d5 2. c4 c6 3. Nf3 Nf6 4. e3 e6 5. Bd3 Be7 6. 0-0 0-0 7. b3 b6 8. Bb2 Bb7 9. Nbd2 c5 10. Qe2 Nc6 11. Rfd1 Qc7 12. Rac1 Rfd8 13. dxc5 bxc5 14. Bxf6 Bxf6 15. cxd5 Nb4 16. Ne4 Nxd3 17. Qxd3 Rxd5 18. Nxf6+ gxf6 19. Qc3 Rf5 20. Qd3 Rc8 21. Qd7 Bxf3 22. Qxc7 Rxc7 23. gxf3 Rxf3 24. Rc4 Rf5 25. Rdc1 a5 26. a3 Rb7 27. Rxc5 Rxb3 28. Rxf5 exf5 29. Rc5 Rxa3 30. Rxf5 Kg7 31. Rb5 Ra2 32. Kg2 Kg6 33. Kg3 a4 34. Ra5 a3 35. Kg2 Kg7 36. Ra8 f5 37. Kg3 Kf6 38. Ra5 Ke6 39. f3 Ra1 40. Kf4 a2 41. Ra6+ 1/2-1/2

[Event "LTU-ch U14"]
[Site "Kaunas"]
[Date "2017.04.08"]
[Round "6"]
[White "Bagvilas, Lukas"]
[Black "Maziukas, Kasparas"]
[Result "1/2-1/2"]
[WhiteElo "1804"]
[BlackElo "1681"]
[PlyCount "83"]
[EventDate "2017.04.05"]
[EventType "swiss"]
[EventRounds "8"]
[EventCountry "LTU"]
[SourceTitle "CBM 177 Extra"]
[Source "ChessBase"]
[SourceDate "2017.04.27"]
[SourceVersion "1"]
[SourceVersionDate "2017.04.27"]
[SourceQuality "1"]

1. e4 c6 2. d4 d5 3. e5 Bf5 4. Nf3 e6 5. Be2 Nd7 6. Be3 Ne7 7. 0-0 Bg6 8. c3 Nf5 9. Qc1 Be7 10. Bg5 0-0 11. Bxe7 Qxe7 12. g4 Nh4 13. Nxh4 Qxh4 14. f4 f5 15. g5 Bh5 16. Qe1 Qxe1 17. Rxe1 Bxe2 18. Rxe2 Rfc8 19. Na3 b5 20. Nc2 a6 21. Kg2 c5 22. dxc5 Nxc5 23. Nd4 Kf7 24. a3 Ra7 25. Kf3 Rb7 26. h4 Ke7 27. h5 a5 28. Rc2 Na6 29. Nb3 a4 30. Nd4 Nb8 31. Rh1 Nc6 32. Nxc6+ Rxc6 33. h6 g6 34. Rd1 Rbc7 35. Rd4 Rc4 36. Rcd2 Rxd4 37. Rxd4 Rc4 38. Ke3 Kd7 39. Kd3 Kc6 40. Ke3 Kb6 41. Kd2 Kc5 42. Kd3 1/2-1/2

[Event "LTU-ch"]
[Site "Vilnius"]
[Date "2017.03.02"]
[Round "8"]
[White "Maziukas, Kasparas"]
[Black "Boyajyan, David"]
[Result "1-0"]
[WhiteElo "1621"]
[BlackElo "1601"]
[PlyCount "103"]
[EventDate "2017.02.25"]
[EventType "swiss"]
[EventRounds "9"]
[EventCountry "LTU"]
[SourceTitle "CBM 177 Extra"]
[Source "ChessBase"]
[SourceDate "2017.04.27"]
[SourceVersion "1"]
[SourceVersionDate "2017.04.27"]
[SourceQuality "1"]

1. Nf3 d5 2. d4 Nf6 3. c4 e6 4. Nc3 c6 5. e3 Bd6 6. Bd3 0-0 7. 0-0 Nbd7 8. e4 dxe4 9. Nxe4 Nxe4 10. Bxe4 Nf6 11. Bc2 b6 12. Qd3 Be7 13. Ng5 g6 14. b3 c5 15. Qf3 Bd7 16. dxc5 bxc5 17. Ne4 Rb8 18. Rd1 Nxe4 19. Bxe4 Bf6 20. Rb1 Bg7 21. Bb2 Qe7 22. Bxg7 Kxg7 23. Rd2 f5 24. Bc6 Bxc6 25. Qxc6 Rfd8 26. Re2 Qd6 27. Rxe6 Qxc6 28. Rxc6 Rbc8 29. Rxc8 Rxc8 30. Rd1 Rc7 31. f3 f4 32. Kf2 Kf6 33. Rd5 h6 34. Ke2 Rc6 35. Rd2 Ra6 36. Kd3 g5 37. Kc3 h5 38. h3 Rc6 39. b4 cxb4+ 40. Kxb4 g4 41. hxg4 hxg4 42. fxg4 Kg5 43. c5 Re6 44. Kb5 a6+ 45. Kc4 Kxg4 46. Kd5 Rh6 47. c6 Rh5+ 48. Kd6 Rh6+ 49. Kc7 f3 50. gxf3+ Kxf3 51. Kb7 Rh8 52. Rb2 1-0

[Event "EU-ch U14 26th"]
[Site "Prague"]
[Date "2016.08.21"]
[Round "4"]
[White "Zaza, Alexandre"]
[Black "Maziukas, Kasparas"]
[Result "1-0"]
[WhiteElo "1834"]
[BlackElo "1596"]
[PlyCount "57"]
[EventDate "2016.08.18"]
[EventType "swiss"]
[EventRounds "9"]
[EventCountry "CZE"]
[SourceTitle "CBM 174 Extra"]
[Source "ChessBase"]
[SourceDate "2016.10.10"]
[SourceVersion "1"]
[SourceVersionDate "2016.10.10"]
[SourceQuality "1"]

1. e4 c6 2. d4 d5 3. exd5 cxd5 4. Bd3 Nc6 5. c3 Qc7 6. h3 g6 7. Qc2 Bg7 8. Nf3 Nf6 9. 0-0 0-0 10. Re1 Nh5 11. a4 e5 12. dxe5 Nxe5 13. Nxe5 Bxe5 14. Bh6 Re8 15. Nd2 Be6 16. Nf3 Bg7 17. Bxg7 Kxg7 18. Nd4 Nf4 19. Re3 Re7 20. Rae1 a6 21. Bf1 Rae8 22. Qd2 Qd7 23. Re5 Nh5 24. Rxh5 gxh5 25. Qg5+ Kf8 26. Qf6 Kg8 27. Re5 h6 28. Qxh6 Bf5 29. Nxf5 1-0

[Event "Panevezys op U1600"]
[Site "Panevezys"]
[Date "2015.12.05"]
[Round "4"]
[White "Maziukas, Kasparas"]
[Black "Maziukaite, Kristina"]
[Result "1-0"]
[WhiteElo "1487"]
[BlackElo "1316"]
[PlyCount "71"]
[EventDate "2015.12.04"]
[EventType "swiss"]
[EventRounds "8"]
[EventCountry "LTU"]
[SourceTitle "CBM 169 Extra"]
[Source "ChessBase"]
[SourceDate "2015.12.18"]
[SourceVersion "1"]
[SourceVersionDate "2015.12.18"]
[SourceQuality "1"]

1. Nf3 Nf6 2. c4 g6 3. d4 Bg7 4. Nc3 d6 5. e4 0-0 6. Be3 c6 7. g3 Nbd7 8. Bg2 e5 9. dxe5 Nxe5 10. Nxe5 dxe5 11. Qc2 Be6 12. b3 Qc7 13. 0-0 Rac8 14. h3 Rfd8 15. Rfd1 a6 16. a4 Rxd1+ 17. Rxd1 b5 18. Bf1 b4 19. Ne2 a5 20. Bg2 Rd8 21. Rd3 Rxd3 22. Qxd3 Nd7 23. f4 Nb6 24. f5 Bd7 25. Bxb6 Qxb6+ 26. Kh1 Qc7 27. g4 Bc8 28. g5 Qd7 29. Qc2 f6 30. gxf6 Bxf6 31. fxg6 hxg6 32. Qc1 Kg7 33. Qe3 Qd1+ 34. Kh2 Qd7 35. Qc5 Qb7 36. Qxa5 1-0

[Event "Panevezys op U1600"]
[Site "Panevezys"]
[Date "2015.12.05"]
[Round "6"]
[White "Maziukas, Kasparas"]
[Black "Vasiliauskas, Antanas"]
[Result "1/2-1/2"]
[WhiteElo "1487"]
[BlackElo "1449"]
[PlyCount "122"]
[EventDate "2015.12.04"]
[EventType "swiss"]
[EventRounds "8"]
[EventCountry "LTU"]
[SourceTitle "CBM 169 Extra"]
[Source "ChessBase"]
[SourceDate "2015.12.18"]
[SourceVersion "1"]
[SourceVersionDate "2015.12.18"]
[SourceQuality "1"]

1. d4 d5 2. c4 c6 3. e3 Nf6 4. Nf3 e6 5. Bd3 dxc4 6. Bxc4 b5 7. Bd3 a6 8. a3 Nbd7 9. Qc2 Bb7 10. b4 Be7 11. Nbd2 0-0 12. 0-0 a5 13. bxa5 Qxa5 14. Bb2 Qb6 15. Rfb1 Rfc8 16. a4 Qd8 17. axb5 Rxa1 18. Bxa1 cxb5 19. Qd1 b4 20. Qb3 Nd5 21. Nc4 Ba6 22. Nfd2 Bxc4 23. Nxc4 N7b6 24. Rc1 Ra8 25. Bb2 Na4 26. Ne5 Nxb2 27. Qxb2 Nc3 28. Nc6 Qd6 29. Nxb4 Qxb4 30. Qxc3 Qxc3 31. Rxc3 Ra1+ 32. Bf1 g6 33. g3 Kg7 34. Kg2 Kf6 35. Rc6 Rd1 36. Be2 Rd2 37. Bb5 Kg7 38. Rc7 Rb2 39. Rxe7 Rxb5 40. Rc7 Ra5 41. Rc2 Kf6 42. Kf3 Rb5 43. h4 h6 44. Rc3 Ra5 45. e4 Rb5 46. Ke3 Ra5 47. f4 Ke7 48. Rc7+ Ke8 49. Rc3 Ke7 50. Rd3 Kd6 51. Rb3 Kc7 52. Kd3 Ra1 53. Rc3+ Kd7 54. d5 Rd1+ 55. Kc4 exd5+ 56. exd5 Kd6 57. Ra3 Rc1+ 58. Kd4 Rd1+ 59. Ke4 Re1+ 60. Kf3 Kxd5 61. Ra6 Re6 1/2-1/2

[Event "Panevezys op U1600"]
[Site "Panevezys"]
[Date "2015.12.04"]
[Round "1"]
[White "Plutaite, Ausra"]
[Black "Maziukas, Kasparas"]
[Result "0-1"]
[WhiteElo "1297"]
[BlackElo "1487"]
[PlyCount "80"]
[EventDate "2015.12.04"]
[EventType "swiss"]
[EventRounds "8"]
[EventCountry "LTU"]
[SourceTitle "CBM 169 Extra"]
[Source "ChessBase"]
[SourceDate "2015.12.18"]
[SourceVersion "1"]
[SourceVersionDate "2015.12.18"]
[SourceQuality "1"]

1. e4 c5 2. Nf3 d6 3. d4 cxd4 4. Nxd4 Nf6 5. Nc3 a6 6. Bd3 g6 7. 0-0 Bg7 8. Bg5 0-0 9. Re1 Nc6 10. Nf3 Qc7 11. Nd5 Nxd5 12. exd5 Ne5 13. Rb1 Bg4 14. Be2 Rac8 15. c3 Bf5 16. Rc1 Bf6 17. Bxf6 exf6 18. Nd4 Bd7 19. Qd2 Qa5 20. a3 Qxd5 21. Qf4 f5 22. c4 Nxc4 23. Bxc4 Rxc4 24. Rxc4 Qxc4 25. Qxd6 Rd8 26. Qe7 Qc8 27. Qf6 Re8 28. Rxe8+ Qxe8 29. h3 Qe1+ 30. Kh2 Be6 31. Qd8+ Kg7 32. Qb6 Qe5+ 33. Kg1 Bd5 34. Nc2 Qe4 35. Ne3 Bc6 36. Qb3 f4 37. Qc3+ Kg8 38. Nd5 Qxd5 39. f3 b6 40. Qf6 Qc5+ 0-1